LEADER 01099nam a2200253 u 4500 001 000000040162 003 CaOOAMICUS 005 20070226114054.0 008 980522s1987 it u000 u ita u 035 $a10795934 040 $aPUL(R)$bita 100 1 $aTalamanca, Mario.$0(OLS)http://pul/name/4682 245 10$aDévéloppements socio-économiques et jurisprudence romaine à la fin de la République /$cMario Talamanca. 260 $aMilano :$bGiuffrè,$c1987. 300 $aP. [776]-791 ;$c24 cm 500 $aEstr. da: Studi in onore di Cesare Sanfilippo, vol 7. 650 4$aDiritto romano.$0(OLS)http://pul/subject/382 850 $aPUL 852 $aPUL$W1$xDP1 Miscellanee$y10$mMisc.Lombardi.134(int.7)$j54580$nBK-PRI$b $qStampati Miscellanee$B54580$CPULBib$Z2$F54580 $H $81 941 1 $a17 960 $aRoman law$9382 960 $aRoman law$9382 996 $6245$aDévéloppements socio-économiques et jurisprudence romaine à la fin de la République$9(OLS)http://pul/title/54259 996 $6260$aMilano :$bGiuffrè$9(OLS)http://pul/publisher/48401 LEADER 03536nam a2200445 a 4500 001 000000173150 003 CaOOAMICUS 005 20200221160814.0 008 200204s1538 it 000 u lat r 026 $astig S.s.$beqa- **** (3)$c1538 (R) 032 $aLibriCat 040 $aPUL$bita$d 041 0 $alatgrc 100 0 $aDionysius Areopagita,$dsec. V-VI.$0(OLS)http://pul/name/2363 240 10$aDe mystica theologia.$0(OLS)http://pul/title/7032 245 10$a[Dionysii Areopagitae episcopi Atheniensis Libri duo, alter de Mystica Theologia, alter de Divinis nominibus: Marsilio Ficino et interprete, et explanatore. Quibus Nunc graeca quoq[u]e lectio adiecta est, locis suis apposita ad studiosorum commoditatem. Omnia diligenti recognitione castigata.]. 260 $aVenetiis :$b[s.n.],$c1538$e(Venetiis :$fin aedibus Bartholomaei de Zanettis Casterzagensis,$g1539) 300 $a251 c., [1] c. ;$c8° (15 cm) 500 $aSegnatura: a-z8 A-H8 I4 500 $aNumerosi errori nella cartulazione. 500 $aCorsivo. 500 $aCapilettera. 510 3 $aInformazioni desunte da SBN Antico. 546 $aMolte parti del testo in greco. 662 $aItalia$dVenezia.$0(OLS)http://pul/subject/34951 700 1 $aFicino, Marsilio,$d1433-1499.$0(OLS)http://pul/name/13395 700 0 $aDionysius Areopagita,$dsec. V-VI.$tDe divinis nominibus.$0(OLS)http://pul/nameTitle/1046$0(OLS)http://pul/name/2363$0(OLS)http://pul/title/148628 787 0 $aProsper Aquitanus, s., c. 390-463.$tD. Prosperi episcopi Rheginensis Libri tres multo eruditissimi, nunquam antehac typis excusi, quorum Primus est de vita contemplativa et sacerdotum officio. Secundus de vita activa, et quomodo praepositi subditos suos regere debeant. Tertius de vitiis et virtutibus, et quibus causis haec vel nasci, vel augeri soleant. Cum aliis nonnullis opusculis lectu dignissimis, quorum catalogum versa pagella indicat.$dColoniae : Ioannes Gymnicus excudebat, 1536.$w()173145 850 $aPUL 852 $aPUL$W1$xDP1 Antico 500$y12$m527 E 27 Int. 2$j197124$qStampati Antico$B201913$CPULBib$Z2$F201913 $82 856 41$zDigitalizzazione open access:$uhttps://books.google.it/books?id=sUqcvQthbhIC&printsec=frontcover&hl=it&source=gbs_ge_summary_r&cad=0#v=onepage&q&f=false 900 $aDionigi Areopagita, pseudo,$dsec. V-VI$92363 900 $aPseudo-Dionysius,$dsec. V-VI$92363 900 $aDionigi Areopagita, pseudo,$dsec. V-VI$92363 900 $aPseudo-Dionysius,$dsec. V-VI$92363 941 1 $a15 961 $aAutore e titolo dell'opera abbreviato sul dorso. Legatura in pelle. Stemma di Gregorio XIII e stemma dell'ordine dei Gesuiti (JHS) sul dorso. Sul piatto anteriore a matita: "Col 2,6". Precedente collocazione su targhetta sul dorso illeggibile. Precedente appartenenza: Collegio Germanico - Bibl. Sup.1767. Sul foglio di guardia ms.:"S6", e annotazioni ms. in molte carte. Tagli di colore rosso. Esemplare mutilo delle prime 24 c. di cui il front. Volume rilegato con: "D. Prosperi episcopi rheginensis libri tres..." (coll. 527 E 27 Int 1). 996 $6245$a[Dionysii Areopagitae episcopi Atheniensis Libri duo, alter de Mystica Theologia, alter de Divinis nominibus: Marsilio Ficino et interprete, et explanatore. Quibus Nunc graeca quoq[u]e lectio adiecta est, locis suis apposita ad studiosorum commoditatem. Omnia diligenti recognitione castigata.]$9(OLS)http://pul/title/214218 996 $6260$aVenetiis :$b[s.n.]$9(OLS)http://pul/publisher/49321